Statistics for Papua New Guinea First Level Subdivisions

Click here to take the quiz!

General Stats

  • This quiz has been taken 91 times
  • The average score is 11 of 22

Answer Stats

Provinces% Correct
Western / Fly
79%
Bougainville
72%
East New Britain
72%
New Ireland
72%
West New Britain
72%
Eastern Highlands
66%
Oro / Northern
62%
Western Highlands
62%
Central
59%
Manus
48%
Southern Highlands
48%
East Sepik
41%
Morobe
41%
Gulf
38%
Madang
38%
Sandaun / West Sepik
38%
Enga
34%
Hela
31%
National Capital
31%
Chimbu / Simbu
28%
Jiwaka
28%
Milne Bay
28%

Score Distribution

Percentile by Number Answered

Percent of People with Each Score

Your Score History

You have not taken this quiz